000
00214 a2200097 4500
001
38204
100
_a
Siddiqi Safdar
245
_a
the role of Islam
260
_a
Lahore
_b
Ferozsons
_c
1997
090
_c
24262
_d
24262
942
_a
NUST-CAE
_c
M
_c
15850
999
_c
273277
_d
273277